LEADER 01713oam 2200469M 450 001 9910716277203321 005 20200213071025.1 035 $a(CKB)5470000002519351 035 $a(OCoLC)1065741736 035 $a(OCoLC)995470000002519351 035 $a(EXLCZ)995470000002519351 100 $a20071213d1926 ua 0 101 0 $aeng 135 $aurcn||||||||| 181 $ctxt$2rdacontent 182 $cc$2rdamedia 183 $acr$2rdacarrier 200 10$aBridge across the Chunky River. January 16 (calendar day, January 23), 1926. -- Ordered to be printed 210 1$a[Washington, D.C.] :$c[U.S. Government Printing Office],$d1926. 215 $a1 online resource (2 pages) 225 1 $aSenate report / 69th Congress, 1st session. Senate ;$vno. 82 225 1 $a[United States congressional serial set ] ;$v[serial no. 8524] 300 $aBatch processed record: Metadata reviewed, not verified. Some fields updated by batch processes. 300 $aFDLP item number not assigned. 517 $aBridge across the Chunky River. January 16 606 $aBridge construction industry 606 $aBridges$xDesign and construction 606 $aBridges 608 $aLegislative materials.$2lcgft 615 0$aBridge construction industry. 615 0$aBridges$xDesign and construction. 615 0$aBridges. 701 $aBingham$b Hiram$f1875-1956$pRepublican (CT)$0463205 801 0$bWYU 801 1$bWYU 801 2$bOCLCO 801 2$bOCLCQ 801 2$bOCLCO 906 $aBOOK 912 $a9910716277203321 996 $aBridge across the Chunky River. January 16 (calendar day, January 23), 1926. -- Ordered to be printed$93463167 997 $aUNINA LEADER 01913nas a2200409 i 4500 001 991002429199707536 005 20240112101735.0 008 011205m19732006it || | |ita 022 $a0390-1181 035 $ab11659178-39ule_inst 035 $aPERLE000159$9ExL 080 $aCDU 327 082 $a301.05 229 0$aAffari sociali internazionali 245 00$aAffari sociali internazionali. - 1973-2008. 260 $aMilano :$bF. Angeli,$c1973-2008. 310 $aTrimestrale 500 $aDal 2013 l'editore varia in: Roma : Idos 591 $aCodice CNR: P 00090616 592 $aLE005 1973-1995; lac.: 1990-1991; 592 $aLE009 1973-1995; 2005-2006; lac.: 1980 592 $aLE021 1973-2006; lac.:1984, 1997; 650 $aRelazioni internazionali$vPeriodici 907 $a.b11659178$b28-07-17$c08-07-02 912 $a991002429199707536 945 $aLE005 MF Per 345$g1$lle005$o-$pE0.00$q-$rn$so$t18$u0$v0$w0$x0$y.i11881124$z08-07-02 945 $aLE021$g1$lle021$o-$pE0.00$q-$rn$so$t18$u0$v0$w0$x0$y.i11881148$z08-07-02 945 $aLE009 Per. G. 262$g1$lle009$o-$pE0.00$q-$rn$so$t18$u0$v0$w0$x0$y.i11881136$z08-07-02 945 $aLE009$cA.1989$g1$lle009$on$pE0.00$q-$rn$so$t18$u0$v0$w0$x0$y.i1188115x$z08-07-02 945 $aLE009$cA.2005$g1$lle009$on$pE66.00$q-$rl$s-$t18$u0$v0$w0$x0$y.i14077310$z26-05-05 945 $aLE009$cA.2006$g1$lle009$on$pE66.00$q-$rn$so$t18$u0$v0$w0$x0$y.i14240713$z24-05-06 945 $aLE009$g1$iLE009-45690$lle009$on$pE0.00$q-$rl$s-$t18$u0$v0$w0$x0$y.i11032078$z28-06-02 945 $aLE023$ca. IV n. 1-4/2016$g1$lle023$og$pE10.00$rn$s-$t18$u0$v0$w0$x0$y.i15814828$z25-07-17 945 $aLE023$ca. IV n. 1-4/2016$g2$lle023$og$pE10.00$rn$s-$t18$u0$v0$w0$x0$y.i1581483x$z25-07-17 996 $aAffari sociali internazionali. - 1973-2008$93659490 997 $aUNISALENTO 998 $ale005$ale021$ale009$b01-01-01$cs$da$e-$fita$git$h0$i10